The Differential Equations Problems Solver : A Complete Solution Guide to Any Textbook /

Guardat en:
Dades bibliogràfiques
Altres autors: Fogiel, Max (dir.) Conductor, Arterburn, David R. (colaboración) (colaboración)
Format: Llibre
Idioma:anglès
Publicat: Piscataway, EUA : Research and Education Association, 1998, c1998
Col·lecció:(REA's Problem Solvers)
Matèries:
Etiquetes: Afegir etiqueta
Sense etiquetes, Sigues el primer a etiquetar aquest registre!

MARC

LEADER 00000nam^a2200000^a^4500
001 000142923
005 20250521000000.0
009 20260310095707.207
020 |a 0-87891-513-3 
037 |a Acervo ITESO - Biblioteca 
041 |a ING 
082 |a 515. 35  |b FOG 
100 |a Fogiel, Max  |e (dir.) 
245 1 4 |a The Differential Equations Problems Solver :  |b A Complete Solution Guide to Any Textbook /  |c Dir. de M. Fogiel ; colaboración de D.R. Arterburn. 
264 4 |a Piscataway, EUA :  |b Research and Education Association,  |c 1998, c1998 
300 |a XIX, 1390 p. 
336 |a texto  |b txt  |2 rdacontenido 
337 |a sin mediación  |b n  |2 rdamedio 
338 |a volumen  |b nc  |2 rdasoporte 
440 1 |a (REA's Problem Solvers) 
649 |a XX 
650 |a Ecuaciones Diferenciales -  |x Problemas, Ejercicios, etc. 
650 |a Ecuaciones Diferenciales Parciales 
650 |a Ecuaciones -  |x Problemas, Ejercicios, etc. 
650 |a Series de Fourier 
650 |a Cálculo de Variaciones 
650 |a Funciones de Bessel 
650 |a Transformaciones de Laplace 
650 |a Transformaciones (Matemáticas) 
650 |a Física Matemática -  |x Problemas, Ejercicios, etc 
650 |a Matemáticas -  |x Problemas, Ejercicios, etc. 
700 |a Arterburn, David R.  |e (colaboración) 
910 |a Fondo General 
920 |a Impresos - Libros 
930 |a Colección General 
905 |a 101 
901 |a 0500071655  |b IT1  |c ACC  |u 20250521 
902 |a https://opac.biblio.iteso.mx/vufind/Record/000142923